000 00528nam a2200217Ia 4500
003 0100
008 130307s9999 xx 000 0 und d
020 _a0675202647
040 _cARRUPELIB
050 _aBD21.C594 1975
245 _aClassic philosophical questions
250 _a2nd, 3rd, 5th, 6th, 9th ed.
260 _aColumbus
260 _bCharles E. Merrill Publishing Company
260 _c1985
300 _a728p.
300 _b23cm.
650 _aPHILOSOPHY
700 _aGould, James A. (ed.)
942 0 0 _01
999 _c94326
_d94326